000 00308nam a2200121Ia 4500
008 220204s9999 xx 000 0 und d
082 _a677:531.6
_bVIG
245 0 _aEnergy conservation in textile and polymer processing
260 _aUSA
_bACS
_c1979
700 _aNowacki, L J
700 _aT C
942 _cBK
999 _c38056
_d38056